ბათუმის შოთა რუსთაველის სახელმწიფო უნივერსიტეტის ბიბლიოთეკა

საბუნებისმეტყველო განმარტებითი ლექსიკონი / (ბიბ.ჩანაწერი № 60378)

000 -ლიდერი
ფიქსირებული სიგრძის საკონტროლო ველი 01338nam a22002057a 4500
003 - საკონტროლო ნომრის იდენტიფიკატორი
საკონტროლო ველი Ge_BSU
005 - ბოლო ოპერაციის თარიღი და დრო
საკონტროლო ველი 20230707112144.0
008 - ფიქსირებული სიგრძის მონაცემთა ელემენტები - ზოგადი ინფორმაცია
ფიქსირებული სიგრძის საკონტროლო ველი 230707s1986ge xxu||||| |||| 00| 0 geo d
041 ## - ენის კოდი
Language code of text/sound track or separate title geo
080 ## - უნივერსალური ათობითი კლასიფიკაციის ინდექსი
Universal Decimal Classification number 502(038) ბ-13
100 ## - მთავარი ჩანაწერი - პიროვნების სახელი
Personal name ბაგრატიონი, იოანე, ავტორი.
9 (RLIN) 19189
245 ## - ცნობა სათაურის შესახებ
Title საბუნებისმეტყველო განმარტებითი ლექსიკონი /
Statement of responsibility, etc იოანე ბაგრატიონი ; ტექსტი გამოსაცემად მოამზადეს, გამოკვლევა და საძიებლები დაურთეს თინა ენუქიძემ და ნანა კიკნაძემ ;
264 ## - წარმოების, გამოცემის, დისტრიბუციის და სხვა ცნობები
გამოცემის, წარმოების, დისტრიბუციის... ადგილი თბილისი :
გამოცემის, წარმოების, დისტრიბუციის... სახელწოდება მეცნიერება,
გამოცემის, წარმოების, დისტრიბუციის... თარიღი 1986.
300 ## - ფიზიკური აღწერა
Extent 279 გვ. ;
Other physical details 25 სმ.
501 ## - შენიშვნა თანმხლებ მასალაზე
With note საძიებლები: გვ. 225-278.
653 ## - INDEX TERM--UNCONTROLLED
Uncontrolled term საბუნებისმეტყველო განმარტებითი
700 ## - ADDED ENTRY--PERSONAL NAME
Personal name ენუქიძე, თინა
Relator term ტექსტი გამოსაცემად მოამზადა
9 (RLIN) 19190
700 ## - ADDED ENTRY--PERSONAL NAME
Personal name კიკნაძე, ნანა
Relator term ტექსტი გამოსაცემად მოამზადა
9 (RLIN) 17535
942 ## - ADDED ENTRY ELEMENTS (KOHA)
Source of classification or shelving scheme
Koha item type წიგნი
ეგზემპლარები
ჩამოწერის სტატუსი დაკარგული ეგზემპლარის სტატუსი კლასიფიკაციის წყარო ან თაროზე გაწყობის სქემა დაზიანების სტატუსი არ გაიცემა მუდმივი მდებარეობა (დაცვის ადგილი) ამჟამინდელი ადგილსამყოფელი თაროზე განთავსების ადგილი შეძენის თარიღი ღირებულება, შესყიდვის ნორმალური ფასი სრული შენახვის შიფრი შტრიხკოდი ბოლო ოპერაციის თარიღი ეგზემპლარის მიმდევრობითი ნომერი (კეტერი?) Uniform Resource Identifier ფასის ძალაში შესვლის თარიღი ეგზემპლარის სახეობა საჯარო შენიშვნა
          ბათუმის შოთა რუსთაველის სახელმწიფო უნივერსიტეტის მთავარი ბიბლიოთეკა ბათუმის შოთა რუსთაველის სახელმწიფო უნივერსიტეტის მთავარი ბიბლიოთეკა წიგნსაცავი 2023-07-07 5.00 502(038) ბ-13 64912 2023-07-07 64912 ბსუ-ს საპატიო დოქტორის გურამ ლორთქიფანიძის საჩუქარი 2023-07-07 წიგნი 5.00